00422ntaaa2200157 45000030003000000050017000030080021000200400037000410820017000781000025000952450039001202500013001592600057001723000010002296500025002390120251027202348.00714s1973 ag 01  aAR-BaBNbspacAR-BaBNeaacrdRIC a282.0000 D27 aDavid, John Baptist  aCatechism of the catholic religion arev. ed. aLouisville : bCharles A Rogers Book Company, cs.f. a202 p acatecismo católico